000 01331namaa22003251i 4500
005 20260524121620.0
008 260524s1994 ua a|||frm||| 000 0 eng d
040 _aEG-GICUC
_beng
_cEG-GICUC
_dEG-GICUC
_erda
041 0 _aeng
_beng
_bara
049 _aDeposite
097 _aM.Sc
099 _aCai01.11.18.M.Sc.1994.Ak.T.
100 0 _aAkram ELShahat Abd EL Tawab,
_epreparation.
245 1 0 _aThe Thyroid Gland In Systemic Lupus Erythematosus /
_cBy Akram ELShahat Abd EL Tawab; Supervised By Prof.Dr. Kasdy Madwar, Assistant Prof. Sonia EL Gazar, Prof.Dr. Moshira EL Seify.
246 1 5 _aالغدة الدرقية في مرضى الذئبه الحمراء /
264 0 _c1994.
300 _a180 pages :
_billustrations ;
_c30 cm. +
336 _2rda content
_atext
337 _2rdamedia
_aUnmediated
338 _2rdacarrier
_avolume
502 _aThesis (M.Sc.) -Cairo University, 1994.
504 _aBibliography: pages 134-180.
653 0 _aInternal Medicine
700 0 _aKasdy Madwar
_ethesis advisor.
700 0 _aSonia EL Gazar
_ethesis advisor.
700 0 _aMoshira EL Seify
_ethesis advisor.
900 _DDepartment of Internal Medicine
_FFaculty of Medicine
_UCairo University
_b1994
_cKasdy Madwar
_cSonia EL Gazar
_cMoshira EL Seify
905 _aEman El gebaly
942 _2ddc
_cTH
_e21
_n0
999 _c180289